000
00266nam a2200133Ia 4500
100
_a
Bainbridge/C.G
942
_c
BK
654
_a
Welding
245
_a
Welding
260
_b
Teach yourself Books
_a
U.K.
_c
1977
300
_a
181
546
_a
ENGLISH
999
_c
24351
_d
24351